000 00732nam a2200229Ia 4500
005 20250508165927.0
008 008 250505s9999 xx 000 0 eng d
020 _a0-8039-8349-2
037 _aTextual
040 _aFEDL
_beng
_cFEDL
041 _aeng
_2eng
084 _a303.4, HAN
_qFEDL
100 _aHancock Philip
_9144367
245 0 _aWork, postmodernism and organization : A critical introduction
260 _aLondon, UK
_bSage Publications
_c2001
300 _a243p.
365 _aGBP
_b19.99
546 _aMACESE; Acc. No. 91889 is gifted by H O D Namita Ranganathan in memory of Prof. Arvind Gaysu
700 _a Tyler Melissa
_9782432
942 _cTEXL
_h303.4, HAN
999 _c1398229
_d1398229